| 000 | 00687cam1a220020500 4500 | ||
|---|---|---|---|
| 001 | lce00824002 | ||
| 008 | 710412s1970 vn ab 000 0 eng | ||
| 010 | _a 72273580 | ||
| 035 | _a(Sirsi) r104686 | ||
| 035 | _a(DLC) 72273580 | ||
| 035 | _a(UPRA)lce00824002 | ||
| 043 | _aa-vt--- | ||
| 050 | 0 |
_aDS557.A6 _bI543 |
|
| 245 | 0 | 4 | _aThe Indochinese peoples will win. |
| 260 |
_aHanoi, _bForeign Languages Pub. House, _c1970. |
||
| 650 | 0 |
_aVietnamese Conflict, 1961-1975 -- Congresses. _xVietnamese Conflict, 1961-1975 -- Congresses. _6S48051.1 |
|
| 949 |
_aDS557.A6 _wlcc _i-148757 _mMAIN _tBOOK _lON-SHELF |
||
| 949 |
_aDS557.A6 _wlcc _i-148758 _mMAIN _tBOOK _lON-SHELF |
||
| 004 | 104686 | ||
| 999 |
_c163478 _d163478 |
||